00530nam a2200193Ia 4500008004100000041001200041082001200053100003500065245004700100260003400147300000800181365000800189520001100197546001200208630004700220650001100267655001100278730004700289101110s9999 xx 000 0 und d aENGLISH bSR24706 aChopde L.N. and Choudhari D.H. aFinance and cost accounting (BMS Syllabus) c2002bSheth prakashan, Mumbai a474 b125 aB.M.S. aENGLISH aFinance and cost accounting (BMS Syllabus) aB.M.S. aB.M.S. aFinance and cost accounting (BMS Syllabus)